000 00843nam a22003137a 4500
001 BR6000945
003 BR-BrBNA
005 20230928095529.0
007 ta
008 230509b bl.||||| |||| 00| 0 por d
040 _aBR-BrBNA
_bpor
_cBiblioteca Nacional de Agricultura
041 _a(Por)
072 _aQ52
_b1930
_b1959
090 _ 1930 BR6000945
100 1 _aAlves, L.
100 1 _aSilva, M.T. da
110 1 _aDepartamento Nacional da Producao, Rio de Janeiro, GB (Brasil)
_93248
245 1 _aConservacao da forragem. Silo, silagem e ensilagem
250 1 _a2. ed.
260 3 _aRio de Janeiro, GB (Brasil):
_c1936.
300 _a228 p.
650 _aForragem
650 _aEnsilagem
650 _aSilo
650 _aSilagem
650 _aValor Nutritivo
909 _a202309
_bLucia
_c55
_dLucia Elande
942 _cBK
999 _c57118
_d57118